| 000 | 00508cam a22001691 4500 | ||
|---|---|---|---|
| 001 | 000006037 | ||
| 005 | 20200929151909.0 | ||
| 008 | 780509s1963 nyua b 000 0 spa | ||
| 040 |
_aDO-SdBNP _bspa _cBNPHU |
||
| 082 |
_axxxx _bM312c |
||
| 100 | 1 |
_aMarban, Edilberto, _d1907- _917024 |
|
| 245 | 1 | 0 |
_aCurso de historia de América / _cEdilberto Marbán. |
| 260 |
_aNew York : _bMinerva Books, _c[1963]. |
||
| 300 |
_a2 v. : _bil. ; _c22 cm. |
||
| 504 | _aIncluye bibliografías | ||
| 651 | 0 |
_aAmerica _xHistory _917025 |
|
| 999 |
_c5833 _d5833 |
||